Microeconomics Case Studies and Applications

Enregistré dans:
Détails bibliographiques
Auteur principal: Borland, Jeff
Format: Livre
Langue:anglais
Publié: South Melbourne Cengage Learning 2021
Édition:4th Edition
Sujets:
Tags: Ajouter un tag
Pas de tags, Soyez le premier à ajouter un tag!

MARC

LEADER 00000nam a2200000 4500
001 0269281
005 20230118123831.6
020 |a 9780170439268 
020 |a 978-0170439268 
041 0 |a eng 
044 |a AU 
245 1 0 |a Microeconomics  |b Case Studies and Applications  |c Jeff Borland 
250 |a 4th Edition 
264 1 |a South Melbourne  |b Cengage Learning  |c 2021 
300 |a 337 s. 
610 2 0 |a mikroekonomika 
610 2 0 |a štúdie prípadové 
610 2 0 |a štatistika 
100 1 |a Borland, Jeff